[Event "SRI-ch (Women)"]
[Site "Malabe"]
[Date "2015.07.11"]
[Round "9"]
[White "Premanath, Dinushki"]
[Black "Ranasinghe, Sasini Dulanga"]
[Result "1/2-1/2"]
[WhiteElo "1833"]
[BlackElo "1783"]
[PlyCount "144"]
[EventDate "2015.07.04"]
[EventType "tourn"]
[EventRounds "13"]
[EventCountry "SRI"]
[SourceTitle "CBM 167 Extra"]
[Source "ChessBase"]
[SourceDate "2015.09.14"]
[SourceVersion "1"]
[SourceVersionDate "2015.09.14"]
[SourceQuality "1"]

1. e4 d5 2. exd5 Qxd5 3. d4 e5 4. Be3 exd4 5. Nc3 Qa5 6. Qxd4 Be6 7. Nf3 Be7 8. Qe4 Nd7 9. Qxb7 Rb8 10. Qa6 Qb4 11. Qd3 Nc5 12. Qd4 Qa5 13. Bd2 Bf6 14. Qe3 Qb6 15. Bc4 Ne7 16. Bxe6 Qxe6 17. Qxe6 Nxe6 18. Rb1 0-0 19. 0-0 Rfd8 20. Rfd1 Nc6 21. Ne4 Bxb2 22. Be3 Rxd1+ 23. Rxd1 h6 24. g3 Rb4 25. Ned2 Ra4 26. Kg2 Rxa2 27. Nb3 Bf6 28. c4 Rc2 29. Rc1 Rxc1 30. Bxc1 a5 31. Ba3 Bc3 32. Kf1 Ncd4 33. Nbxd4 Nxd4 34. Nxd4 Bxd4 35. Ke2 f5 36. f3 Kf7 37. Kd3 Bg1 38. h3 Bf2 39. g4 fxg4 40. fxg4 Be1 41. Bb2 g6 42. Be5 c6 43. Ke4 Ke6 44. Bg7 h5 45. Be5 Bd2 46. Bd4 Bc1 47. Kd3 Ba3 48. Kc2 Be7 49. Kb3 Bb4 50. Ka4 Kd6 51. Kb3 hxg4 52. hxg4 Be1 53. Ka4 Bd2 54. Kb3 c5 55. Bb2 Be3 56. Bc3 Bd4 57. Bxa5 Ke5 58. Bc7+ Ke4 59. Ka4 Kf3 60. g5 Kg4 61. Bd8 Be3 62. Kb5 Bxg5 63. Bxg5 Kxg5 64. Kxc5 Kf4 65. Kd5 g5 66. c5 g4 67. c6 g3 68. c7 g2 69. c8Q g1Q 70. Qf8+ Kg3 71. Qg7+ Kf2 72. Qxg1+ Kxg1 1/2-1/2